000
00351nam a22001577a 4500
005
20251108172621.0
008
250721s9999 xx 000 0 eng d
082
1
4
_a
FGRA
100
1
_a
Gray, Alasdair
245
1
0
_a
Lanark /
264
1
_a
London :
_b
Paladin,
300
_a
543 p
650
1
7
_a
English Fiction
942
_2
ddc
_c
BK
999
_c
84157
_d
84157